Memoria sobre los Límites entre Chile y Perú de acuerdo con el Tratado del 3 de junio de 1929: presentada al Ministerio de Relaciones Exteriores de Chile por Enrique Brieba, miembro representante de Chile en la Comisión Mixta de Límites entre Chile y Perú.

সংরক্ষণ করুন:
গ্রন্থ-পঞ্জীর বিবরন
প্রধান লেখক: Brieba, Enrique
সংস্থা লেখক: Comisión Mixta, Chileno-Peruana, de Límites
বিন্যাস: গ্রন্থ
ভাষা:স্প্যানিশ
প্রকাশিত: Santiago, Chile Instituto Geográfico Militar 1931
বিষয়গুলি:
ট্যাগগুলো: ট্যাগ যুক্ত করুন
কোনো ট্যাগ নেই, প্রথমজন হিসাবে ট্যাগ করুন!

MARC

LEADER 00000nam a2200000 a 4500
001 UCJ5187
003 CL-VaPUC
005 20230125074241.0
008 070124e19310000CL |||||||||||||||||spa|d
999 |c 321300  |d 321298 
040 |c Pontificia Universidad Católica de Valparaíso 
082 0 4 |a 983 BRI 1931  |2 21 
100 0 |a Brieba, Enrique  |9 510047 
110 2 |a Comisión Mixta, Chileno-Peruana, de Límites  |9 510048 
245 1 0 |a Memoria sobre los Límites entre Chile y Perú de acuerdo con el Tratado del 3 de junio de 1929: presentada al Ministerio de Relaciones Exteriores de Chile por Enrique Brieba, miembro representante de Chile en la Comisión Mixta de Límites entre Chile y Perú. 
260 0 3 |a Santiago, Chile  |b Instituto Geográfico Militar  |c 1931 
300 |a 3 volúmenes. 
500 |a Advierte errata; láminas y mapas del t. 3 conforme a lo señalado en índice; los tomos I y II contenidos en un volumen 
500 |a El tomo I, copia 1, trae dedicatoria del autor para Don Eduardo Budge 
500 |a Libro de formato mayor .33x.25 m 
505 |a t.1: estudio técnico y documentos. t.2: datos y cálculos. t.3: planos. 
583 |a last modification  |c 20070124 00:00:00  |k Rodrigo Vera 
600 0 7 |a BUDGE BARNARD, EDUARDO B  |2 CL-VaPUC  |9 505135 
650 7 |a LIMITES CON PERU  |2 CL-VaPUC  |9 504188 
650 0 |a Tratados internacionales   |9 256056 
650 0 |a Fuentes Históricas  |9 265141 
650 0 |a Mapas  |9 260844 
650 0 |a Cartografía   |9 266055 
650 0 |a Historia de Chile  |9 265473 
651 7 |a CHILE  |2 CL-VaPUC  |9 510049 
651 0 |a Perú  |9 256567 
942 |c BK  |2 ddc 
945 |d 20070124 00:00:00  |a rinostro 
952 |0 0  |1 0  |2 ddc  |4 0  |6 983_000000000000000_BRI_1931  |7 0  |8 X  |9 400003  |a FDOBUD  |b FDOBUD  |d 2019-11-22  |h v.1  |i 103104K  |o 983 BRI 1931  |p 103104K  |r 2019-11-22  |t 1  |w 2019-11-22  |y BK_X  |k BUD 
952 |0 0  |1 0  |2 ddc  |4 0  |6 983_000000000000000_BRI_1931  |7 0  |8 X  |9 400004  |a FDOBUD  |b FDOBUD  |d 2019-11-22  |h v.1  |i 1039458  |o 983 BRI 1931  |p 1039458  |r 2019-11-22  |t 2  |w 2019-11-22  |y BK_X  |k BUD 
952 |0 0  |1 0  |2 ddc  |4 0  |6 983_000000000000000_BRI_1931  |7 0  |8 X  |9 400005  |a FDOBUD  |b FDOBUD  |d 2019-11-22  |h v.2  |i 1031066  |o 983 BRI 1931  |p 1031066  |r 2019-11-22  |t 1  |w 2019-11-22  |y BK_X  |k BUD 
952 |0 0  |1 0  |2 ddc  |4 0  |6 983_000000000000000_BRI_1931  |7 0  |8 X  |9 400006  |a FDOBUD  |b FDOBUD  |d 2019-11-22  |h v.2  |i 1081365  |o 983 BRI 1931  |p 1081365  |r 2019-11-22  |t 2  |w 2019-11-22  |y BK_X  |k BUD 
952 |0 0  |1 0  |2 ddc  |4 0  |6 983_000000000000000_BRI_1931  |7 0  |8 X  |9 400007  |a FDOBUD  |b FDOBUD  |d 2019-11-22  |h v.3  |i 1031058  |o 983 BRI 1931  |p 1031058  |r 2019-11-22  |t 1  |w 2019-11-22  |y BK_X  |k BUD 
952 |0 0  |1 0  |2 ddc  |4 0  |6 983_000000000000000_BRI_1931  |7 0  |8 X  |9 400008  |a FDOBUD  |b FDOBUD  |d 2019-11-22  |h v.3  |i 1081373  |o 983 BRI 1931  |p 1081373  |r 2019-11-22  |t 2  |w 2019-11-22  |y BK_X  |k BUD